| 000 | 00521nam a2200181Ia 4500 | ||
|---|---|---|---|
| 999 |
_c33651 _d33651 |
||
| 003 | OSt | ||
| 005 | 20200908102128.0 | ||
| 008 | 190216s9999||||xx |||||||||||||| ||und|| | ||
| 020 | _a9788121919838 | ||
| 040 | _coclc | ||
| 082 |
_a535.2 _bSCO/I |
||
| 100 |
_aScott, Craig _94478 |
||
| 245 | 0 |
_aIntroduction To Optics And Optical Imaging / _cCraig Scott |
|
| 260 |
_bS Chand & Company, _c2000. _aNew Delhi: |
||
| 300 | _a385p | ||
| 650 | _aPhysics | ||
| 942 |
_cBK _2ddc _h535.2 _iSCO/I _k535.2 _mSCO/I |
||